| 000 | 00695nam a2200217 4500 | ||
|---|---|---|---|
| 001 | 132816 | ||
| 003 | ES-MaACL | ||
| 005 | 20230906194245.0 | ||
| 007 | t| | ||
| 008 | 070214s1967 sp r ||||1| spa d | ||
| 100 | 1 |
_aRosenfeld, Félix. _999743 |
|
| 245 | 1 | 0 |
_aAnálisis de valores mobiliarios / _cFélix Rosenfeld ; prefacio de J. Lesourne ; traducción de J. L. Espejo. |
| 260 |
_aBarcelona : _bHispano Europea, _c1967. |
||
| 300 |
_a257 p. : _bil. ; _c21 cm. |
||
| 490 | 1 | _aMatemática aplicada | |
| 700 | 1 |
_aLesourne, Jacques. _9146439 |
|
| 700 | 1 |
_aEspejo, J. L. _947796 |
|
| 830 | 0 |
_aMatemática aplicada _9219674 |
|
| 852 |
_aES-MaACL _jC-32089 _bR.62799 |
||
| 999 |
_c132816 _d132816 |
||